[Event "ARG-ch sf U2000"]
[Site "San Luis"]
[Date "2015.07.25"]
[Round "1"]
[White "Bracamonte, Marcos"]
[Black "Damiano, Martin"]
[Result "1-0"]
[WhiteElo "1592"]
[BlackElo "1930"]
[PlyCount "100"]
[EventDate "2015.07.25"]
[EventType "swiss"]
[EventRounds "6"]
[EventCountry "ARG"]
[SourceTitle "EXT 2024"]
[Source "ChessBase"]
[SourceDate "2023.10.10"]
[SourceVersion "1"]
[SourceVersionDate "2023.10.10"]
[SourceQuality "1"]

1. e4 c5 2. Nc3 Nc6 3. f4 d6 4. Nf3 g6 5. Bc4 Bg7 6. 0-0 e6 7. d3 Nge7 8. Qe1 0-0 9. Be3 d5 10. exd5 exd5 11. Bxc5 dxc4 12. dxc4 Re8 13. Rd1 Qa5 14. b4 Nxb4 15. Nb5 Nbc6 16. Qxa5 Nxa5 17. Nc7 b6 18. Nxe8 bxc5 19. Rd8 Bf8 20. Nd6 Nb7 21. Nxb7 Bxb7 22. Rxa8 Bxa8 23. Ne5 Nc6 24. Nd7 Bg7 25. Re1 Bd4+ 26. Kf1 Kg7 27. Re8 Bb7 28. c3 Bxc3 29. Nxc5 Na5 30. Nxb7 Nxb7 31. Re7 Na5 32. Rxa7 Nxc4 33. Ke2 Nd6 34. a4 Kf6 35. Kd3 Be1 36. a5 Ke6 37. a6 Bf2 38. Ra8 Nb5 39. Re8+ Kf6 40. Re2 Bg1 41. g4 h6 42. Kc4 Nc7 43. Ra2 Ba7 44. h4 g5 45. fxg5+ hxg5 46. h5 Kg7 47. Rb2 Ne8 48. Kb5 Nc7+ 49. Ka5 Bd4 50. Rc2 Ne8 1-0